<?xml version="1.0" encoding="UTF-8"?>
<record
    xmlns:xsi="http://www.w3.org/2001/XMLSchema-instance"
    xsi:schemaLocation="http://www.loc.gov/MARC21/slim http://www.loc.gov/standards/marcxml/schema/MARC21slim.xsd"
    xmlns="http://www.loc.gov/MARC21/slim">

  <leader>00437    a2200157   4500</leader>
  <controlfield tag="005">20250625053729.0</controlfield>
  <datafield tag="020" ind1=" " ind2=" ">
    <subfield code="a">0131536277</subfield>
  </datafield>
  <datafield tag="082" ind1=" " ind2=" ">
    <subfield code="a">519.5COU</subfield>
  </datafield>
  <datafield tag="100" ind1=" " ind2=" ">
    <subfield code="a">GROEBNER. F. D</subfield>
  </datafield>
  <datafield tag="245" ind1=" " ind2=" ">
    <subfield code="a">A Course in Business Statistics</subfield>
  </datafield>
  <datafield tag="250" ind1=" " ind2=" ">
    <subfield code="a">4end Ed.</subfield>
  </datafield>
  <datafield tag="260" ind1=" " ind2=" ">
    <subfield code="a">USA</subfield>
    <subfield code="b">GROEBNER. F. D</subfield>
    <subfield code="c">2002,2006</subfield>
  </datafield>
  <datafield tag="300" ind1=" " ind2=" ">
    <subfield code="a">XXX, 656, ill, table, figure,</subfield>
    <subfield code="b">Appendices, Index</subfield>
    <subfield code="c">27.5cm</subfield>
  </datafield>
  <datafield tag="700" ind1=" " ind2=" ">
    <subfield code="a">SHANNON. W. P, FRY. C. P, SMITH. D. K</subfield>
  </datafield>
  <datafield tag="942" ind1=" " ind2=" ">
    <subfield code="2">ddc</subfield>
    <subfield code="c">BKS</subfield>
  </datafield>
  <datafield tag="999" ind1=" " ind2=" ">
    <subfield code="c">3722</subfield>
    <subfield code="d">3722</subfield>
  </datafield>
  <datafield tag="952" ind1=" " ind2=" ">
    <subfield code="r">2025-06-11 10:18:09</subfield>
    <subfield code="l">0</subfield>
    <subfield code="o">519.5COU</subfield>
    <subfield code="p">DOM000794</subfield>
    <subfield code="v">165000.00</subfield>
    <subfield code="w">2025-06-11</subfield>
    <subfield code="y">BKS</subfield>
    <subfield code="1">0</subfield>
    <subfield code="2">ddc</subfield>
    <subfield code="4">0</subfield>
    <subfield code="7">0</subfield>
    <subfield code="0">0</subfield>
    <subfield code="a">004</subfield>
    <subfield code="b">004</subfield>
    <subfield code="d">2016-05-26</subfield>
    <subfield code="g">55000.00</subfield>
  </datafield>
  <datafield tag="952" ind1=" " ind2=" ">
    <subfield code="r">2025-06-25 05:39:06</subfield>
    <subfield code="l">0</subfield>
    <subfield code="o">519.5COU</subfield>
    <subfield code="p">DOM0003764</subfield>
    <subfield code="v">165000.00</subfield>
    <subfield code="w">2025-06-11</subfield>
    <subfield code="y">BKS</subfield>
    <subfield code="1">0</subfield>
    <subfield code="2">ddc</subfield>
    <subfield code="4">0</subfield>
    <subfield code="7">0</subfield>
    <subfield code="0">0</subfield>
    <subfield code="a">004</subfield>
    <subfield code="b">004</subfield>
    <subfield code="c">GEN</subfield>
    <subfield code="d">2016-05-26</subfield>
    <subfield code="g">55000.00</subfield>
  </datafield>
</record>
